| 000 | 02167cam a22002654a 4500 | ||
|---|---|---|---|
| 020 | _a0821354280 | ||
| 040 | _cDLC | ||
| 082 | _a332 WOR 2003 A069 Or. | ||
| 110 | 2 | _aWorld Bank. | |
| 245 | 1 | 0 |
_aGlobal Development Finance 2003 Vol 1 (Analysis and Statistical Appendix) _bStriving for Stability in Development Finance. |
| 260 |
_aWashington, D.C. : _bThe World Bank, _c2003. |
||
| 300 | _a1 online resource (252 p.) | ||
| 490 | 1 | _aGlobal Development Finance | |
| 520 | 3 | _aSince the late 1990s, an essential shift has taken place in the pattern of private sector financial flows to developing countries. Debt flows have fallen sharply, while equity flows--primarily in the form of foreign direct investment--have remained comparatively robust. The shift from debt to equity ought to diminish the volatility of developing countries' external finance and improve their access to technology, markets, and management expertise. However, much more needs to be done to put development finance on a stable basis. Global Development Finance 2003 is unique in its depth of coverage of the issues related to international development finance. By putting all development-related flows in a consistent framework, the publication will allow government officials, economists, investors, financial consultants, academics, bankers, and the entire development community to better understand, manage, and promote the key challenges of financing development. Global Development Finance 2003, I: Analysis and Statistical Appendix is the World Bank’s annual review of recent trends in and prospects for financial flows to developing countries. It also contains the World Bank's projections of the global outlook in view of the current global geopolitical uncertainties. | |
| 650 | 4 | _aAccess to Finance. | |
| 650 | 4 | _aBankruptcy and Resolution of Financial Distress. | |
| 650 | 4 | _aDebt Markets. | |
| 650 | 4 | _aEmerging Markets. | |
| 650 | 4 | _aFinance and Financial Sector Development. | |
| 650 | 4 | _aFinancial Literacy. | |
| 650 | 4 | _aPrivate Sector Development. | |
| 710 | 2 | _aWorld Bank. | |
| 856 | 4 | 0 | _uhttp://elibrary.worldbank.org/content/book/9780821354285 |
| 942 | _cEK | ||
| 999 |
_c14586 _d14586 |
||